[Event "Match 77__120'/40"]
[Site "Zürich"]
[Date "2024.??.??"]
[Round "32"]
[White "Mephisto Polgar sel. 5"]
[Black "Super Forte C 6 MHz sel. 4"]
[Result "1-0"]
[WhiteElo "1981"]
[BlackElo "2008"]
[Annotator "Utzinger,K"]
[PlyCount "106"]
[EventDate "2024.??.??"]
[SourceVersionDate "2024.04.21"]

{[%evp 0,106,25,14,17,23,25,8,25,10,-8,-7,6,8,7,21,21,14,4,4,1,8,33,8,17,-3,20,7,13,1,1,1,8,5,-5,-8,-8,-21,28,-15,-3,-30,-28,-50,-45,-45,-39,-39,-27,-25,-24,-87,-78,-111,115,133,135,159,144,162,133,130,123,52,61,50,61,56,56,52,206,199,200,199,275,272,274,284,334,309,309,352,364,381,432,452,432,463,535,535,667,683,678,696,757,780,817,827,1156,1156,1209,1201,1756,1946,2013,1984,1984,1984,2018]} 1. e4 e5 {Match 120'/40 | Bediener: Rolf Bühler | 32. Partie: Weiss (Mephisto Polgar sel. 5) gewinnt | Zwischenstand: 17,5-14,5 (54,6%) für Mephisto Polgar sel. 5; hypothetisch: 16,5-15,5 (51,5%) für Mephisto Polgar sel. 5 | Buchzüge total: Super Forte C = 338, Mephisto Polgar = 305 | Das Spanische Mittelgambit steht zur Diskussion. Es entsteht ein ausgeglichenes Mittelspiel. Nach 26.Td1? gerät der Mephisto Polgar sel. 5 in eine verlorene Stellung. Mit seiner fehlerhaften Antwort 26...Txe3? vergibt der Super Forte C sel. 4 nicht nur seinen Vorteil, sondern manövriert sich gar selbst in eine verlorene Position. Das holländische Programm von Ed Schröder kennt in der Folge keine Gnade mehr und holt den vollen Punkt.} 2. Nf3 Nc6 3. Bb5 a6 4. Ba4 Nf6 5. d4 {Das Spanische Mittelgambit} Nxe4 (5... exd4 {gilt als klar besser}) 6. Qe2 b5 7. Qxe4 d5 8. Qe3 bxa4 9. Nxe5 Nxe5 10. O-O Be6 {***ENDE BUCH***} 11. Qxe5 {***ENDE BUCH***} Qd6 12. Bf4 Rb8 ({Leicht besser ist} 12... Qxe5 13. Bxe5 Kd7 $11) 13. b3 (13. Qe3 {bietet Weiss noch leichten Vorteil} Qd7 14. c4 $1 Bb4 15. cxd5 Qxd5 16. Bxc7 Rc8 17. a3 Rxc7 18. axb4 O-O 19. Nc3 Qb3 20. Nxa4 Qxb4 $14) (13. Qxd6 {ändert nichts} Bxd6 14. Bxd6 cxd6 $11) 13... Qxe5 14. Bxe5 Kd7 15. Nc3 axb3 16. axb3 Bb4 (16... f6 {ist auch gut und vertreibt den Läufer vom schönen Zentralfeld}) 17. Nd1 f6 18. Bf4 Rb6 (18... a5 $11 {ist die logischere Verteidigung}) 19. Ne3 Re8 20. h4 Bf7 21. Rfd1 c6 22. f3 Bc3 23. Ra4 Bg6 24. Kf2 a5 25. Rh1 Rb4 $11 {[#]} 26. Rd1 $2 $19 {[%mdl 2] Verliert und verpasst den mit 26.h5! möglichen Ausgleich.} (26. h5 $1 {sichert den Ausgleich} Rxa4 27. bxa4 Bf7 28. Rb1 Bxd4 29. Rb7+ Ke6 30. Rc7 Re7 31. Rxc6+ Kd7 32. Ra6 Bc5 (32... Bxh5 33. Rd6+ Ke8 34. Rxd5 $11) 33. g4 d4 34. Nf5 Re2+ 35. Kxe2 Bc4+ 36. Kd2 Bxa6 37. Nxg7 Bb7 $11) 26... Rxe3 $2 $18 {[%mdl 32770] Ganz schlecht und stellt die Partie auf den Kopf: Weiss gewinnt nun. Nach dem korrekten 26...Txa4 wäre es umgekehrt gelaufen.} (26... Rxa4 27. bxa4 h5 28. Rb1 Bxd4 29. Rb7+ Kd8 30. Ke2 (30. Rxg7 Bxc2 $19) 30... Bc3 31. g4 Re7 $19) 27. Bxe3 Bxc2 28. Rc1 Bxb3 29. Rxa5 Bxd4 30. Rb1 Bc3 31. Ra3 (31. Bc5 {gewinnt ebenfalls} Ra4 32. Rxa4 Bxa4 33. Rb7+ Kd8 34. Rxg7 $18) 31... Bc4 32. Ra7+ Kd6 33. Rxb4 Bxb4 34. Rxg7 h5 $2 {Macht es dem Gegner besonders einfach.} (34... Bd3 {hätte den Kampf verlängert, ohne bei korrektem Spiel von Weiss an der schwarzen Niederlage etwas zu ändern. Angesichts der möglichen Gefahren wegen des schwarzen Freibauern auf der c-Linie, wäre unter Oldies der weisse Sieg nicht sicher.}) 35. g4 {Weiss verschafft sich so einen tödlichen Freibauern auf der h-Linie.} hxg4 36. h5 Ke5 37. h6 {Dieser Freibauer kosten Schwarz noch eine Leichtfigur, wonach der Gewinn für Weiss zu einer leichten technischen Sache wird.} Bd3 38. fxg4 c5 39. h7 Bxh7 40. Re7+ Kd6 41. Rxh7 {Die restlichen Züge sind nur noch für die Galerie bestimmt.} Ke6 42. Rb7 Ba3 43. Kf3 c4 44. Bd4 Bd6 45. Rb6 Kd7 46. Bxf6 Kc7 47. Ra6 Kd7 48. g5 Bc5 49. g6 Bf8 50. Ra8 Bh6 51. Bg5 Bg7 52. Ra7+ Ke6 53. Rxg7 Kf5 {***AUFGEGEBEN***} 1-0

[Event "Match 77__120'/40"]
[Site "Zürich"]
[Date "2024.??.??"]
[Round "33"]
[White "Super Forte C 6 MHz sel. 4"]
[Black "Mephisto Polgar sel. 5"]
[Result "0-1"]
[WhiteElo "2009"]
[BlackElo "1981"]
[Annotator "Utzinger,K"]
[PlyCount "93"]
[EventDate "2024.??.??"]
[SourceVersionDate "2024.04.21"]

{[%evp 0,93,25,18,28,27,22,-23,26,8,35,26,31,30,28,6,27,34,58,66,77,76,79,84,103,67,64,71,52,59,70,48,53,51,50,17,14,15,32,4,10,-16,29,-12,-14,14,0,-94,-87,-95,-117,-117,-114,-100,-94,-100,-96,-94,-109,-83,-82,-129,-132,-174,-158,-227,-233,-239,-237,-239,-291,-292,-312,-356,-386,-429,-387,-444,-447,-460,-471,-851,-874,-894,-894,-931,-979,-988,-692,-792,-845,-999,-1069,-1938,-1635,-1874]} 1. d4 Nf6 {Match 120'/40 | Bediener: Rolf Bühler | 33. Partie: Schwarz (Mephisto Polgar sel. 5) gewinnt | Zwischenstand: 18,5-14,5 (56%) für Mephisto Polgar sel. 5; hypothetisch: 17,5-15,5 (53%) für Mephisto Polgar sel. 5 | Buchzüge total: Super Forte C = 345, Mephisto Polgar = 311 | Mit dem Halb-Slawischen Damengambit 5.Lg5 h6 können beide Programme nicht viel anfangen, wie diverse dubiose Züge auf beiden Seiten offenbaren. Aber schliesslich ist es wieder der Super Forte C sel. 4, der noch ungünstiger agiert als sein Gegner. Und so kann der Mephisto Polgar sel. 5 seinen Vorsprung in diesem Match auf vier Punkte ausbauen. Langsam wird die Lage für das Programm von David Kittinger kritisch.} 2. Nf3 d5 3. c4 c6 4. Nc3 e6 5. Bg5 h6 6. Bxf6 Qxf6 {***ENDE BUCH***} 7. Qb3 {***ENDE BUCH***} dxc4 8. Qxc4 b6 (8... Nd7 {gilt als verlässliche Antwort}) 9. e3 (9. g3 {ist eine interessante Fortsetzung, die mehr verspricht, denn auf der Diagonale h1-a8 wird der Lg2 prächtig stehen.}) 9... Ba6 {Der damit angestrebte Tausch der weissfeldrigen Läufer sieht gut aus. Doch nach dem Abtausch hat Schwarz gewisse Schwierigkeiten mit der Entwicklung des Springers wegen dem Bauern c6. Deshalb verdient 9...Lb7 den Vorzug, zumal der Läufer auf der Diagonale a8-h1 sehr gut platziert wäre.} 10. Qa4 Bxf1 (10... Bb7 {ist die bevorzugte Wahl der Engines, z.B.} 11. Bd3 Bd6 12. O-O O-O 13. e4 e5 $11) 11. Kxf1 Qe7 $2 {Ein seltsamer Platz für die Dame, die nach d8 hätte zurückweichen sollen, was dem Lf8 den Ausgang nicht versperrt.} 12. Kg1 $2 {Weiss revanchiert sich ebenfalls mit einem "dummen" Zug.} ({Nach} 12. Rc1 Qb7 13. d5 exd5 14. Nxd5 $16 {steht Weiss klar besser.}) 12... Qb4 {Ausgleich war mit 12...b5 zu haben.} (12... b5 13. Qc2 Qb7 $11) 13. Qc2 Nd7 14. a3 Qa5 {Kein gute Platz für die Dame.} 15. Rc1 Be7 16. h3 O-O 17. Ne4 Rac8 18. Kh2 f5 {Der Angriff auf das weisse Zentrum mit 18...c5 macht einen besseren Eindruck.} 19. Ned2 Bd6+ 20. Kg1 {Natürlich ist 20.g3 sinnvoller.} e5 21. e4 fxe4 22. Nxe4 Bb8 23. Qc4+ $2 {Damit gerät Weiss in eine klar nachteilige Stellung. Der Erwartungswert sinkt von 50% auf 2%!!} (23. Nxe5 Nxe5 24. dxe5 Bxe5 25. g3 $11) 23... Qd5 24. dxe5 $6 (24. Qxd5+ {hält den Schaden in Grenzen} cxd5 25. Nc3 b5 26. Re1 e4 $17 {obwohl an der schwarzen Überlegenheit nicht zu zweifeln ist.}) 24... Nxe5 25. Nxe5 Bxe5 26. b3 Bb2 ({Noch stärker ist der Gewinnzug 26...b5, s. Variante Light 32 MPV-avx2:} 26... b5 27. Qc2 Rce8 28. Re1 a5 29. Re2 Re6 30. a4 Bb8 31. Kf1 Ba7 32. f3 bxa4 33. bxa4 Qd4 34. Ke1 Qa1+ 35. Qd1 Qa3 36. Qc2 Kh8 37. Rd2 Qa1+ 38. Rd1 Qe5 39. Rd3 Rb8 40. Kf1 Ree8 41. Rd2 Qa1+ 42. Rd1 Qa3 43. Rd3 Rb2 44. Rxa3 Rxc2 45. Rc3 Ra2 46. Rc1 Bd4 47. h4 Rb8 48. Rh3 Rxa4 49. Rc2 Ra1+ 50. Ke2 a4 51. Rxc6 a3 52. Rg3 Be5 53. Rg4 a2 54. Ra6 Rb2+ 55. Nd2 Kh7 {[%eval -375,40] [%wdl 0,0,1000]}) {[#]} 27. Rd1 $2 $19 {[%mdl 2] Das verliert klar, während Weiss mit 27.Tc2 eher noch im Trüben fischen könnte.} Qxc4 28. bxc4 Rfd8 29. Kh2 Bxa3 30. Kg3 b5 31. c5 a5 32. Rxd8+ Rxd8 33. Ra1 Rd3+ 34. f3 a4 {Die verbundenen schwarzen Freibauern am Damenflügel sind des Gegners Tod.} 35. Nf2 Re3 36. Ne4 Bb2 37. Rd1 Re2 38. Rd8+ Kh7 39. Re8 a3 $1 {Der schnellste Gewinnweg.} 40. Ng5+ hxg5 41. Rxe2 a2 $19 {Es ist vollbracht.} 42. Rxb2 a1=Q 43. Re2 Qc3 44. Re6 Qxc5 45. Kg4 b4 46. Re1 Qf2 47. Re8 {***AUFGEGEBEN***} 0-1

[Event "Match 77__120'/40"]
[Site "Zürich"]
[Date "2024.??.??"]
[Round "34"]
[White "Mephisto Polgar sel. 5"]
[Black "Super Forte C 6 MHz sel. 4"]
[Result "0-1"]
[WhiteElo "1981"]
[BlackElo "2009"]
[Annotator "Utzinger,K"]
[PlyCount "83"]
[EventDate "2024.??.??"]
[SourceVersionDate "2024.04.21"]

{[%evp 0,83,18,-18,-13,-13,-15,-15,-22,-28,-41,-42,-43,-46,-6,2,-12,-3,0,-14,-10,-5,-8,-18,-18,-101,-100,-120,-106,-139,-81,-321,-83,-102,-132,-193,-194,-215,-208,-240,-228,-219,-263,-263,-205,-212,-157,-175,-177,-177,-182,-173,-180,-244,-235,-281,-272,-310,-301,-348,-349,-343,-298,-320,-309,-313,-313,-363,-380,-384,-388,-388,-400,-409,-414,-496,-491,-501,-527,-526,-546,-611,-658,-668,-727,-732]} 1. c4 e5 {Match 120'/40 | Bediener: Rolf Bühler | 34. Partie: Schwarz (Super Forte C sel. 4) gewinnt | Zwischenstand: 18,5-15,5 (54,4%) für Mephisto Polgar sel. 5; hypothetisch: 17,5-16,5 (51,4%) für Mephisto Polgar sel. 5 | Buchzüge total: Super Forte C = 355, Mephisto Polgar = 319 | Kurz nach der Eröffnung greift der Mephisto Polgar sel. 5 fehl mit 12.Lf4?. Im nächsten Zug findet er nicht die beste Abwicklung und steht nach 13.Lxb7? gxf4 bereits auf Verlust. Und für einmal lässt sich das nicht mehr reparieren, so dass der Super Forte C sel. 4 mit Schwarz den Sieg problemlos einfahren kann.} 2. Nc3 Nc6 3. Nf3 Nf6 4. g3 d5 5. cxd5 Nxd5 6. Bg2 Nb6 7. O-O Be7 8. a3 {***ENDE BUCH***} O-O 9. d3 Be6 10. b4 Nd4 {***ENDE BUCH***} 11. Nxe5 Bf6 12. Bf4 $2 {[%mdl 32768] Ein taktischer Missgriff und der Beginn allen Übels. Mit 12.Sc4! Bewertung -0.15 (48%) ST 42 bleibt alles im grünen Bereich. Hat Weiss die logische Antwort übersehen?} g5 {[#] Ein auf der Hand liegender Vorstoss: Der Lf4 wird angegriffen und wenn er wegzieht, fällt der nicht mehr gedeckte weisse Springer e5. Jetzt gibt es nur noch einen Weg, um einigermassen aus diesem Schlamassel herauszukommen. Und diesen Weg findet der Mephisto Polgar sel. 5 nicht.} 13. Bxb7 $2 {[%mdl 2] Verlustzug.} ({Nur mit} 13. Bxg5 $1 Bxg5 14. Bxb7 Rb8 15. Nc6 Nxc6 16. Bxc6 Bh3 17. Bg2 Bxg2 18. Kxg2 $17 {konnte Weiss noch weiterkämpfen, hat er doch drei Bauern für die Figur.}) 13... gxf4 14. Bxa8 fxg3 15. Nc4 $2 {[%mdl 2] Dieser Fehler, statt 15.hxg3, leitet das endgültige Aus ein für Weiss.} (15. hxg3 Bxe5) 15... gxf2+ {Noch stärker 15...gxh2+, womit der weisse König völlig blossgestellt wird.} 16. Rxf2 Nxa8 17. Rg2+ Kh8 18. Rc1 Nf5 {Droht ...Lxc3, Txc3 Dd4+ und erobert den Tc3.} 19. Qe1 (19. Ne4 $2 Bd4+ 20. Kh1 Nh4 21. Rg3 f5 $19) 19... Bxc4 20. dxc4 Ne3 21. Rg3 Bh4 {Erobert durch die Fesslung des Turms noch Material.} 22. Ne4 Qd4 {Nichts sprach gegen 22...Lxg3 -+ usw.} 23. Qc3 Qxc3 24. Rxc3 Bxg3 25. hxg3 Ng4 {Der Kampf sollte nun zugunsten von Schwarz entschieden sein.} 26. Kg2 Nb6 27. Kh3 Re8 28. Ng5 f5 29. Rf3 Ne3 30. c5 Nbc4 31. Rf4 h6 32. Nf3 Nxa3 $19 {Nun hat Schwarz eine ganze Figur mehr.} 33. Rh4 Kg7 34. Rd4 Nb5 35. Rd7+ Kf6 36. Nh4 c6 37. Rd3 Nd5 38. Rf3 Nd4 39. Ra3 Rxe2 40. Ra6 Nxb4 41. Rxa7 Ne6 42. Nf3 {***AUFGEGEBEN***} 0-1

[Event "Match 77__120'/40"]
[Site "Zürich"]
[Date "2024.??.??"]
[Round "35"]
[White "Super Forte C 6 MHz sel. 4"]
[Black "Mephisto Polgar sel. 5"]
[Result "1-0"]
[WhiteElo "2009"]
[BlackElo "1981"]
[Annotator "Utzinger,K"]
[PlyCount "50"]
[EventDate "2024.??.??"]
[SourceVersionDate "2024.04.21"]

{[%evp 0,50,19,31,14,-14,-11,0,33,16,22,16,18,34,20,11,6,6,15,-12,29,31,31,19,8,5,118,128,140,140,140,144,143,143,152,182,479,503,561,583,579,586,579,668,689,756,779,797,1001,1058,1423,1428,2021]} 1. d4 Nf6 {Match 120'/40 | Bediener: Rolf Bühler | 35. Partie: Weiss (Super Forte C sel. 4) gewinnt | Zwischenstand: 18,5-16,5 (52,8%) für Mephisto Polgar sel. 5; hypothetisch: 17,5-17,5 (50%) Gleichstand | Buchzüge total: Super Forte C = 363, Mephisto Polgar = 327 | Es liegt nicht an der Damenindischen Verteidigung von Schwarz und dem von Weiss gewählten Petrosjan System 4.a3, dass der Mephisto Polgar sel. 5 mit zwei schlimmen taktischen Fehlern schon nach 17 Zügen total auf Verlust steht. Die Gründe dafür finden sich in den Kommentaren zu den fraglichen Zügen. Der Super Forte C sel. 4 ist nicht unglücklich über seinen zweiten Sieg in Folge.} 2. c4 e6 3. Nf3 b6 4. a3 Bb7 5. Nc3 d5 6. cxd5 Nxd5 7. Qc2 Nxc3 8. bxc3 {***ENDE BUCH***} c5 {***ENDE BUCH***} 9. e3 {Eine zahme Fortsetzung, aber natürlich gut spielbar.} (9. e4 Nd7 10. Bf4 (10. Bd3 Qc7 11. Bb2 cxd4 12. cxd4 Qxc2 13. Bxc2 Rc8 14. Bd3 Bd6 15. Ke2 Ke7 16. a4 Bb4 17. Rhb1 Rhd8 18. Bc1 a5 19. Bg5+ f6 20. Bd2 Bxd2 21. Nxd2 Rc3 22. Rc1 {½-½ (22) Mamedyarov,S (2800)-Eljanov,P (2739) Geneva 2017}) 10... Be7 11. d5 exd5 12. exd5 O-O 13. Rd1 Re8 {½-½ (51) Krasenkow,M (2524)-Fedorchuk,S (2589) Purtichju 2023}) 9... Bxf3 $2 {[%mdl 32768] Eine kleine Sünde, denn dieser schöne Läufer sollte sich nicht gegen den Springer f3 tauschen. Auch erhält Weiss nun das starke Läuferpaar. Langfristig betrachtet handelt sich Schwarz so nur Probleme ein. Der Mephisto Polgar sel. 5 sieht sich mit 0.14 im Vorteil.} 10. gxf3 Nd7 11. Bd2 Bd6 12. e4 {[#]} Qf6 $2 {[%mdl 2] Ein auf den ersten Blick unerklärlicher Verlustzug, den ich auf meinem Mephisto Phoenix nicht nachvollziehen kann. Dort zieht er 12...0-0 mit einer positiven Bewertung von 0.21 für sich. Allerdings läuft hier das Programm mit ca. 175 MHz oder 35x mal schneller. Deshalb noch der Versuch unter CB-Emu mit der Originalgeschwindigkeit von 5 MHz. Und siehe da: bis und mit ST 07 wird 12...0-0 als beste Fortsetzung betrachtet. Bei ST 07.01 wird 12...Df6? mit einer Bewertung von 0.23 zum Favoriten erkoren und dann auch ausgespielt. Somit also kein Programmfehler. Es mangelt dem Mephisto Polgar sel. 5 schlicht und einfach an der notwendigen Rechentiefe.} 13. e5 Nxe5 (13... Qxf3 {rettet die Figur nicht wegen} 14. Rg1 {mit der Doppeldrohung exd6 und Lg2, wonach der schwarze Ta8 in die Binsen ginge.}) 14. dxe5 Qxe5+ {Immerhin hat Schwarz noch zwei Bauern für die Figur. Leider ist das im vorliegenden Fall klar zu wenig Kompensation.} 15. Qe4 O-O 16. O-O-O Qh5 17. Bc4 {[#]} Bxh2 $2 {[%mdl 2] Danach ist es endgültig aus. Der gefesselte Läufer geht verloren. Wiederum fehlt dem Mephisto Polgar sel. 5 die notwendige Rechentiefe, um das zu erkennen. Auf dem schnellen Mephisto Phoenix wird 17...Lxh2? indessen rasch verworfen.} 18. Rdg1 {2. HZ} b5 {3. HZ; Schiebt das Ende noch etwas hinaus.} (18... Qh3 19. Rg3 Qh5 20. Rg2 Qe5 21. Rgxh2) 19. Rg5 {4. HZ} Qh3 {5. HZ} 20. Bf1 {6. HZ} Qh6 {7. HZ} 21. Rg2 {8. HZ} Qf6 {9. HZ} 22. Rgxh2 {Erst im 10. Halbzug geht der Läufer verloren, also war es unmöglich zu erkennen für den Mephisto Polgar sel. 5, dass 17...Lxh2? den Läufer einstellt.} h6 23. Rg1 ({Nach} 23. Rxh6 {wird es Matt in 15.}) 23... c4 24. Rxh6 Qf5 25. Qh4 f6 {***AUFGEGEBEN***} 1-0

[Event "Match 77__120'/40"]
[Site "Zürich"]
[Date "2024.??.??"]
[Round "36"]
[White "Mephisto Polgar sel. 5"]
[Black "Super Forte C 6 MHz sel. 4"]
[Result "1-0"]
[WhiteElo "1981"]
[BlackElo "2009"]
[Annotator "Utzinger,K"]
[PlyCount "122"]
[EventDate "2024.??.??"]
[SourceVersionDate "2024.04.21"]

{[%evp 0,122,25,14,74,74,56,32,32,32,57,42,72,56,41,34,23,16,28,11,10,-5,-5,-5,-16,-12,-22,-54,-46,-46,-13,-37,-37,-29,-61,-103,-108,-119,-134,-115,-118,-123,-133,-158,-157,-175,-122,-121,-143,-154,-125,-155,-130,-159,-153,-145,-157,-171,-147,-172,-146,-174,-169,-169,-145,-158,-177,-150,-155,-138,-95,-83,-86,-95,-13,1,-59,-94,205,220,284,297,341,291,306,299,320,356,352,373,417,429,541,576,610,690,690,688,688,688,688,690,1095,1013,1488,1667,29979,29980,29981,1699,29979,1392,1603,1599,1599,1974,1974,1699,29977,1699,1699,1813,1699,1813,2259]} 1. e4 c6 {Match 120'/40 | Bediener: Rolf Bühler | 36. Partie: Weiss (Mephisto Polgar sel. 5) gewinnt | Zwischenstand: 19,5-16,5 (54,1%) für Mephisto Polgar sel. 5; hypothetisch: 18,5-17,5 (51,3%) für Super Forte C sel. 4 | Buchzüge total: Super Forte C = 369, Mephisto Polgar = 335 | Caro Kann Verteidigung, Capablanca System; der Super Forte C sel. 4 kommt nach der Eröffnung in ein besseres Mittelspiel. Als dann Weiss mit 17.b4? fehlgreift, erhält Schwarz einen gewinnbringenden Angriff. Das Programm von David Kittinger macht aber zu wenig daraus und muss sich schliesslich mit Vorteil im Endspiel begnügen. Doch nach dem unverständlichen 38...e5? stürzt der Super Forte C sel. 4 gar in eine verlorene Stellung. Und der Mephisto Polgar sel. 5 lässt nichts mehr anbrennen und gewinnt trotz Minusbauer mit seinem Freibauern auf der a-Linie, was den Gegner seinen Läufer kostet.} 2. d4 d5 3. Nc3 dxe4 4. Nxe4 Bf5 5. Ng3 Bg6 6. h4 h6 {***ENDE BUCH***} 7. h5 Bh7 8. Nf3 {***ENDE BUCH***} Nf6 9. Bc4 (9. Bd3 {ist die normale Fortsetzung} Bxd3 10. Qxd3 e6 $11) 9... e6 10. Bf4 Nd5 11. Bxd5 cxd5 12. c3 Nc6 13. Qa4 {Systemgemässer sehen 13.Se5 oder 13.0-0 aus.} Be7 14. Ne5 Qc8 15. Nxc6 $6 {Das fällt leicht zugunsten von Schwarz aus.} (15. O-O O-O 16. Rfe1 a5 $11) 15... bxc6 16. Be5 {Entwicklung durch die kurze Rochade verdient den Vorzug. Auf e5 ist der Läufer dem späteren Angriff f7-f6 ausgesetzt.} O-O {[#]} 17. b4 $2 {[%mdl 2] Verlustzug gemäss Stockfish 16.1. Wann gedenkt Weiss, seinen König durch die kurze Rochade endlich in Sicherheit zu bringen?} a5 {Hier ist 17...f6 eine gleichwertige Gewinnidee.} (17... f6 18. Bf4 e5 $1 19. Be3 (19. dxe5 fxe5 20. Bxe5 Qe6 21. f4 Rxf4 $19) 19... a5 20. bxa5 Qa6 $19 {und Weiss ist völlig kaputt.}) 18. bxa5 Qa6 {Effizienter gewinnt Schwarz mit 18...f6 usw.} 19. Ne2 Rfc8 {Stärker sind 19...f6 oder 16...Ld3.} 20. Rh3 Qxa5 21. Qxa5 Rxa5 $17 {Angriff vorbei. Aber selbst nach dem Damentausch steht Schwarz klar besser.} 22. Rg3 Bf8 (22... f6 23. Bf4 Kf7 $19 {ist deutlich aktiver}) 23. Bf4 Kh8 24. Nc1 Rca8 25. Be5 Be4 26. Kf1 Bf5 27. Bf4 Kh7 28. Be5 Rb5 29. Nd3 f6 30. Bc7 Ra7 31. Bf4 Ra3 32. Nc1 Rb2 33. Re3 Rc2 34. f3 Raxc3 35. Rxc3 Rxc3 {Schwarz hat keinen überzeugenden Gewinnweg gefunden. Und trotz Minusbauer steht Weiss mit seinem freien a-Bauern so gut wie schon lange nicht mehr.} 36. a4 Ra3 37. Rxa3 Bxa3 $15 38. g4 $15 {[#]} e5 $2 $18 {[%mdl 32770] Völlige Wendung der Partie, weil nun gar Weiss gewinnen kann.} ({Stockfish 16.1:} 38... Bc2 39. a5 Ba4 40. Ke1 c5 41. dxc5 e5 42. Bd2 Bxc5 43. Nd3 Bg1 44. Bb4 Bc6 45. Nc5 Kg8 46. Ne6 Bd7 47. Kf1 Be3 48. Ke2 Ba7 49. Bc5 Bb8 50. Nd8 Bb5+ 51. Kf2 d4 52. Nb7 g6 53. hxg6 Kg7 54. Nd6 Ba6 55. Ne4 Kxg6 56. Bd6 Bxd6 57. Nxd6 h5 58. gxh5+ Kxh5 59. Ne4 f5 60. Nc5 Bb5 61. a6 Bxa6 62. Nxa6 e4 63. Nc5 exf3 64. Ne6 d3 65. Nf4+ Kg4 66. Nxd3 Kg5 67. Nc5 Kf6 68. Ne6 Ke5 69. Nc7 Kd6 70. Nd5 Kxd5 71. Kxf3 {[%eval -17,53] [%wdl 1,990,9]}) 39. gxf5 $1 {Die richtige Antwort.} exf4 40. a5 Bd6 41. Nd3 Bc7 42. a6 Bb6 43. Ke2 Bxd4 44. Nb4 {Nun ist es vorbei. Der Springer gelangt nach c6 und das spätere a6-a7 kostet Schwarz den Läufer.} Be3 45. Nxc6 Kg8 46. Kd3 Bb6 47. a7 Bxa7 48. Nxa7 d4 49. Nc6 Kf8 50. Nxd4 Kf7 51. Ne6 Kg8 52. Ke4 Kh8 53. Kd5 Kg8 54. Kd4 Kh7 55. Nxf4 Kg8 56. Ne6 Kf7 57. Kd5 Ke7 (57... Kg8 58. Kd6 Kf7 59. Kd7 $18) 58. Nxg7 Kf7 59. Ne8 Ke7 60. Nd6 Kd7 61. Nf7 Ke7 {***AUGEGEBEN***} 1-0